Lo Siento - Kadec Santa Anna - Estadísticas

Estadísticas generales
  • Esta prueba ha sido intentada 29 veces
  • La puntuación promedio es 147 de 477
Estadísticas de respuestas
Letra % Correcto
a
100%
de
75%
De
75%
El
75%
el
75%
es
75%
mi
75%
no
75%
No
75%
75%
se
75%
Te
75%
te
75%
Aunque
50%
aunque
50%
digo
50%
ella
50%
en
50%
eres
50%
ha
50%
Ha
50%
hace
50%
Hace
50%
hacer
50%
has
50%
hasta
50%
la
50%
La
50%
Le
50%
le
50%
Lo
50%
lo
50%
me
50%
Me
50%
mucho
50%
nunca
50%
pa
50%
pa'
50%
por
50%
porque
50%
Porque
50%
que
50%
Que
50%
si
50%
Si
50%
50%
soy
50%
tu
50%
50%
Y
50%
y
50%
yo
50%
al
25%
Al
25%
buenas
25%
cabeza
25%
cambiado
25%
como
25%
convertiste
25%
cuando
25%
Cuando
25%
cúmulo
25%
día
25%
Dice
25%
Dicen
25%
dices
25%
donde
25%
entera
25%
este
25%
fábrica
25%
forma
25%
fue
25%
fuimos
25%
galaxia
25%
gato
25%
gracia
25%
hacerle
25%
he
25%
He
25%
hubo
25%
lágrimas
25%
las
25%
llenas
25%
los
25%
marca
25%
Más
25%
más
25%
memoria
25%
memorias
25%
mundo
25%
Necesito
25%
noches
25%
para
25%
Para
25%
Pero
25%
pero
25%
poco
25%
quien
25%
restaurado
25%
sentí
25%
ser
25%
siempre
25%
también
25%
tanta
25%
tanto
25%
tener
25%
tenía
25%
tienes
25%
tus
25%
un
25%
veces
25%
ya
25%
acabado
0%
acostumbres
0%
agujas
0%
algún
0%
ángel
0%
Aprendí
0%
atrás
0%
Aveces
0%
aveces
0%
bala
0%
borra
0%
borrado
0%
burbuja
0%
cabezón
0%
caído
0%
cara
0%
casi
0%
cenizas
0%
cero
0%
completa
0%
comprobar
0%
coña
0%
constantemente
0%
contacto
0%
contestar
0%
contigo
0%
costumbres
0%
cualquiera
0%
cuatrocientas
0%
cuenta
0%
cuides
0%
Cupido
0%
dándome
0%
decirme
0%
dejamos
0%
dejarás
0%
delante
0%
después
0%
dijiste
0%
disparan
0%
disparó
0%
doble
0%
doy
0%
duele
0%
echado
0%
embrujan
0%
empezado
0%
empiezan
0%
enamorado
0%
Escúchate
0%
escucho
0%
escuece
0%
esos
0%
estar
0%
Estuve
0%
estuve
0%
evitarlo
0%
existe
0%
final
0%
fuego
0%
gasté
0%
gusta
0%
hablar
0%
hay
0%
hechizos
0%
herida
0%
hicimos
0%
huelo
0%
idiota
0%
imposible
0%
inseparables
0%
joder
0%
juego
0%
lista
0%
llevo
0%
luego
0%
magia
0%
mata
0%
mensajes
0%
mente
0%
mesa
0%
mierda
0%
Million
0%
millón
0%
montón
0%
mueres
0%
nada
0%
ni
0%
ningún
0%
nombre
0%
nueve
0%
One
0%
paran
0%
Parece
0%
pareció
0%
parte
0%
partida
0%
pensando
0%
perder
0%
perdiste
0%
personas
0%
pico
0%
pidas
0%
pienso
0%
Pienso
0%
Pieza
0%
planeta
0%
Plutón
0%
pondría
0%
princesa
0%
problemas
0%
protegiendo
0%
puedas
0%
pues
0%
puesto
0%
puzzle
0%
quedan
0%
quedó
0%
quemarte
0%
recuerdo
0%
repetida
0%
respondo
0%
rompe
0%
roto
0%
sabe
0%
saber
0%
sabes
0%
sacarte
0%
sale
0%
sepas
0%
sería
0%
siete
0%
Sonrío
0%
suceso
0%
sudadera
0%
tache
0%
tema
0%
temporales
0%
tiempo
0%
Tierra
0%
tocar
0%
todo
0%
tres
0%
truco
0%
una
0%
vaya
0%
verdad
0%
vida
0%
vidas
0%
vuelta
0%
vuelvo
0%
No se encontraron pruebas coincidentes
Distribución de puntuación
Porcentaje de gente con cada puntuación
Porcentaje por número respondido
Historial de tus puntuaciones
No has intentado esta prueba.